| 000 | 00889cam a2200265 4500 | ||
|---|---|---|---|
| 001 | 000017672 | ||
| 005 | 20200929165205.0 | ||
| 008 | 720504s1971 nyua 000 0beng | ||
| 010 | _a72181414 | ||
| 020 | _a0394711750 | ||
| 040 |
_aDO-SdBNP _cDLC _dDLC |
||
| 041 | 1 | _aengspa | |
| 050 | 0 | 0 |
_aF2849.22.B8 _bR613 1971 |
| 100 | 1 |
_aRojas, Marta. _938494 |
|
| 240 | 1 | 0 |
_aTania, la guerrillera involvidable. _lEnglish |
| 245 | 1 | 0 |
_aTania, the unforgettable guerrilla. / _cEdited by Marta Rojas and Mirta Rodriguez Calderon. |
| 260 |
_aNew York, : _bVintage Books, _c[1971]. |
||
| 300 |
_a212 p. : _billus. ; _c28 cm. |
||
| 500 | _aTranslation of Tania, la guerrillera inolvidable. | ||
| 600 | 1 | 0 |
_aBunke, Tamara, _d1937-1967. _938495 |
| 700 | 2 |
_aRodriguez Calderon, Mirta, _ejoint author. _938496 |
|
| 910 | _aCatalogación por copia / LC | ||
| 082 | 0 | 0 |
_a322.4/2/0924 _aB |
| 350 | _a$3.95 | ||
| 999 |
_c17197 _d17197 |
||